Sahityik brajbasha kosh. khand 3. (Record no. 99518)
[ view plain ]
| 000 -LEADER | |
|---|---|
| fixed length control field | 00677nam a2200193Ia 4500 |
| 003 - CONTROL NUMBER IDENTIFIER | |
| control field | OSt |
| 005 - DATE AND TIME OF LATEST TRANSACTION | |
| control field | 20260406115052.0 |
| 008 - FIXED-LENGTH DATA ELEMENTS--GENERAL INFORMATION | |
| fixed length control field | 210210b1990 xxu||||| |||| 00| 0 eng d |
| 040 ## - CATALOGING SOURCE | |
| Transcribing agency | AL |
| 041 ## - LANGUAGE CODE | |
| Language code of text/sound track or separate title | Hindi |
| 082 ## - DEWEY DECIMAL CLASSIFICATION NUMBER | |
| Classification number | H491.3 SHAS |
| 100 ## - MAIN ENTRY--PERSONAL NAME | |
| Personal name | SHARMA (Chaturvedi Dvaraka Prasad). |
| 9 (RLIN) | 150965 |
| Dates associated with a name | शर्मा (चतुर्वेदी द्वारका प्रसाद). |
| 245 ## - TITLE STATEMENT | |
| Title | Sahityik brajbasha kosh. khand 3. |
| Remainder of title | साहित्यिक ब्रज भाषा कोश : खण्ड ३ |
| 260 ## - PUBLICATION, DISTRIBUTION, ETC. | |
| Place of publication, distribution, etc. | Lucknow. |
| Name of publisher, distributor, etc. | Uttar Pradesh Hindi Samstan., |
| Date of publication, distribution, etc. | 1990 |
| 300 ## - PHYSICAL DESCRIPTION | |
| Extent | 8,385 |
| 690 ## - LOCAL SUBJECT ADDED ENTRY--TOPICAL TERM (OCLC, RLIN) | |
| Topical term or geographic name as entry element | Hindi Dictionary |
| 9 (RLIN) | 150966 |
| 906 ## - LOCAL DATA ELEMENT F, LDF (RLIN) | |
| a | 050801 |
| 942 ## - ADDED ENTRY ELEMENTS (KOHA) | |
| Source of classification or shelving scheme | Dewey Decimal Classification |
| Koha item type | Book |
| Withdrawn status | Lost status | Source of classification or shelving scheme | Damaged status | Not for loan | Collection code | Home library | Current library | Date acquired | Cost, normal purchase price | Total Checkouts | Full call number | Barcode | Date last seen | Price effective from | Koha item type |
|---|---|---|---|---|---|---|---|---|---|---|---|---|---|---|---|
| Dewey Decimal Classification | Hindi | St Aloysius Library | St Aloysius Library | 02/17/2021 | 152.00 | H491.3 SHAS | 050801 | 02/17/2021 | 02/17/2021 | Book |